000 01006nam a22002297a 4500
001 77629
003 BD-RjUL
005 20211209083014.0
008 201213s2014 bg ||||| |||| 00| 0 ben d
020 _a9789843369994
035 _a(BD-RjUL)77855
040 _aBD-RjUL
_beng
_cBD-RjUL
041 _aben
082 _223
_a297.1226
_bALB 2014
100 _aআলী, মোহাম্মদ রওশন
_9242531
245 1 0 _aব্যাখ্যাসহ পবিত্র কোরআন-এর অর্থ = The Meaning of the Holy Quran with Commentary /
_cমোহাম্মদ রওশন আলী
260 _aঢাকা :
_bরওশন আলী ও জোহরা আলী ওয়েলফেয়ার ট্রাস্ট,
_c২০১৪
300 _axii, ৫৬২ পৃ.;
_c২৫ সেমি.
650 _aকোরান
_xব্যাখ্যা ও আলোচনা
_9242532
650 _aQurʼan
_xCriticism, interpretation, etc
_9242533
942 _2ddc
_cBK
999 _c77629
_d77629